System dynamics modelling : (Record no. 8941)
[ view plain ]
| 000 -LEADER | |
|---|---|
| fixed length control field | 00976nam a22002895a 4500 |
| 008 - FIXED-LENGTH DATA ELEMENTS--GENERAL INFORMATION | |
| fixed length control field | 150813t xxua|||frb||| 001 0 eng d |
| 010 ## - LIBRARY OF CONGRESS CONTROL NUMBER | |
| LC control number | 2003267616 |
| 020 ## - INTERNATIONAL STANDARD BOOK NUMBER | |
| International Standard Book Number | 0412617102 : |
| 020 ## - INTERNATIONAL STANDARD BOOK NUMBER | |
| International Standard Book Number | 9780412617102 |
| 040 ## - CATALOGING SOURCE | |
| Original cataloging agency | EG-ScBUE |
| Language of cataloging | eng |
| Transcribing agency | EG-ScBUE |
| 082 04 - DEWEY DECIMAL CLASSIFICATION NUMBER | |
| Classification number | 658.4034 |
| Item number | COY |
| Edition number | 22 |
| 100 1# - MAIN ENTRY--PERSONAL NAME | |
| Personal name | Coyle, R. G. |
| 245 10 - TITLE STATEMENT | |
| Title | System dynamics modelling : |
| Remainder of title | a practical approach / |
| Statement of responsibility, etc | R.G. Coyle. |
| 250 ## - EDITION STATEMENT | |
| Edition statement | 1st CRC Press reprint. |
| 260 ## - PUBLICATION, DISTRIBUTION, ETC. (IMPRINT) | |
| Place of publication, distribution, etc | Boca Raton : |
| Name of publisher, distributor, etc | Chapman & Hall/CRC, |
| Date of publication, distribution, etc | c. 2001. |
| 300 ## - PHYSICAL DESCRIPTION | |
| Extent | xiv, 413 p. : |
| Other physical details | ill. ; |
| Dimensions | 25 cm. + |
| Accompanying material | 1 computer disk (3 1/2 in.) |
| 500 ## - GENERAL NOTE | |
| General note | Appendix : p. 361-408 . |
| 500 ## - GENERAL NOTE | |
| General note | Index : p. 409-413. |
| 504 ## - BIBLIOGRAPHY, ETC. NOTE | |
| Bibliography, etc | Includes bibliographical references . |
| 590 ## - LOCAL NOTE (RLIN) | |
| Local note | menna elemam |
| 650 #0 - SUBJECT ADDED ENTRY--TOPICAL TERM | |
| Topical term or geographic name as entry element | Operations research. |
| Source of heading or term | BUEsh |
| 650 #0 - SUBJECT ADDED ENTRY--TOPICAL TERM | |
| Topical term or geographic name as entry element | System analysis. |
| Source of heading or term | BUEsh |
| 651 ## - SUBJECT ADDED ENTRY--GEOGRAPHIC NAME | |
| Source of heading or term | BUEsh |
| 653 ## - INDEX TERM--UNCONTROLLED | |
| Resource For college | Informatics and Computer Science |
| Arrived date list | August2015 |
| 650 #0 - SUBJECT ADDED ENTRY--TOPICAL TERM | |
| 9 (RLIN) | 17642 |
| Topical term or geographic name as entry element | Decision making |
| General subdivision | Mathematical models |
| Source of heading or term | BUEsh |
| 942 ## - ADDED ENTRY ELEMENTS (KOHA) | |
| Item type | |
| Call number prefix | 629.8 COY |
| Source of classification or shelving scheme | Dewey Decimal Classification |
| Withdrawn status | Item status | Source of classification or shelving scheme | Damaged status | Not for loan | Home library | Current library | Shelving location | Date acquired | Source of acquisition | Total Checkouts | Total Renewals | Full call number | Barcode | Checked out | Date last seen | Date last borrowed | Koha item type | Vendor |
|---|---|---|---|---|---|---|---|---|---|---|---|---|---|---|---|---|---|---|
| Dewey Decimal Classification | Central Library | Central Library | First floor | 31/03/2008 | Purchase | 2 | 1 | 629.8 COY | 000010804 | 25/02/2010 | 10/02/2010 | 10/02/2010 | Book - Borrowing | |||||
| Dewey Decimal Classification | Central Library | Central Library | First floor | 31/03/2008 | Purchase | 5 | 6 | 629.8 COY | 000010805 | 15/07/2025 | 05/02/2012 | Book - Borrowing | ||||||
| Dewey Decimal Classification | Central Library | Central Library | First floor | 27/04/2011 | 1 | 629.8 COY | 000010806 | 15/07/2025 | 10/02/2013 | NB - Book (Non borrowing) |